| 000 | 01210cam a2200265 i 4500 | ||
|---|---|---|---|
| 003 | SA-RiAUC | ||
| 005 | 20241209053933.0 | ||
| 008 | 241203s1988____le g 00000 ara c | ||
| 040 |
_aSA-RiKAPL _bara _cSA-RiAUC _erda |
||
| 082 | 0 | 4 | _a189.122 |
| 090 |
_a189.122 _bف ا ل |
||
| 100 | 1 |
_aفالح الظاهري، محمد فالح بن محمد، _d1258-1328 هجري _eمؤلف. |
|
| 245 | 1 | 0 |
_aحسن الوفا لإخوان الصفا / _cثبت أبي اليسر فالح بن محمد الظاهري المهنوي ؛ تعليق وتصحيح أبي الفيض محمد ياسين بن عيسى الفاداني المكي. |
| 250 | _aالطبعة الثانية. | ||
| 264 | 1 |
_aبيروت : _bدار البشائر الإسلامية، _c1988 |
|
| 300 |
_a88 صفحة ؛ _c25 سم |
||
| 336 |
_aنص _btxt _2rdacontent _3كتاب |
||
| 337 |
_aبدون وسيط _bn _2rdamedia |
||
| 338 |
_aمجلد _bnc _2rdacarrier |
||
| 610 | 2 | 7 |
_aإخوان الصفا _2aucnm |
| 650 | 7 |
_aالفلسفة الإسلامية _2aucsh |
|
| 700 | 1 |
_aالفاداني، محمد ياسين بن محمد عيسى، _d1335-1411 هجري _eمعلق. |
|
| 942 |
_2ddc _cBOOK _n0 |
||
| 949 |
_aSA-JeALM _d241203 _umohamedma123 _n1 |
||
| 999 |
_c3141 _d3141 |
||